Statistics for Famous People Born in South Carolina

Click here to take the quiz!

General Stats

  • This quiz has been taken 128 times
  • The average score is 3 of 7

Answer Stats

DescriptionFamous PersonBirth City% Correct
7th presidentAndrew JacksonLancaster County
69%
Godfather of SoulJames BrownBarnwell
65%
Co-host of Wheel of FortuneVanna WhiteConway
58%
Comedian/actor as Marty in MadagascarChris RockAndrews
50%
Actress of The Help and FencesViola DavisSt. Matthews
42%
Santa Baby singer, voice of YzmaEartha KittNorth
33%
Lead actress of WeedsMary-Louise ParkerFort Jackson
21%

Score Distribution

Percentile by Number Answered

Percent of People with Each Score

Your Score History

You have not taken this quiz